01132cam a2200229Ia 450000500170000000800390001702000150005602000190007104000500009004100080014010000200014824500620016826000730023030000470030349000190035050400530036950503560042265000200077865000340079865000500083265100200088220140903175105.0140523s2000 xxuab frb 001 0 eng a0300097263 a9780300097269  aCO-BoUCMbspacJose A. GerenadJose A. Gerena aeng1 aLieven, Dominic10aEmpirebthe Russian Empire and its rivalscDominic Lieven aNew Haven (Connecticut, Estados Unidos)bYale University pressc2000 axxiii, 486 páginasbilustraciones, mapas1 aYale nota bene aIncluye referencias bibliográficas e índices0 aEmpire -- Empire : a word and its meanings -- Power and empire in the global context -- Empires -- The British empire -- The Ottoman empire -- The Habsburg empire -- Russia -- The Russian empire: regions, peoples, geopolitics -- The tsarist state and the Russian people -- Tsarist empire : power, strategy, decline -- The Soviet Union -- After empire. 7aHistoriazRusia 7aImperialismoxHistoriazRusia 7aRelacionales internacionalesxHistoriazRusia 4aRusiaxHistoria